| 000 -LEADER |
| fixed length control field |
01198nam a22002177a 4500 |
| 003 - CONTROL NUMBER IDENTIFIER |
| control field |
OSt |
| 005 - DATE AND TIME OF LATEST TRANSACTION |
| control field |
20260128093800.0 |
| 008 - FIXED-LENGTH DATA ELEMENTS--GENERAL INFORMATION |
| fixed length control field |
230521b ||||| |||| 00| 0 eng d |
| 040 ## - CATALOGING SOURCE |
| Original cataloging agency |
SSBUL |
| Transcribing agency |
SSBUL |
| 041 ## - LANGUAGE CODE |
| Language code of text/sound track or separate title |
Shan |
| 082 ## - DEWEY DECIMAL CLASSIFICATION NUMBER |
| Classification number |
959.116 |
| 245 ## - TITLE STATEMENT |
| Title |
ရႃႇၸဝၢင်ႇမိူင်းဢုင်းပွင်ႇ။ |
| Statement of responsibility, etc. |
မျူဝ်ႉဝုၼ်းလွႆလူင် လုင်းဢူးမူး ၵဵပ်းႁွမ်၊ ၶုၼ်ယုင်းၶဵဝ် ၶိုၼ်းမေး၊ ၸၢႆးၸွမ်ဝၼ်း (တူင်ႇလၢဝ်း) ၸဝ်ႈၶွင်- |
| 260 ## - PUBLICATION, DISTRIBUTION, ETC. |
| Place of publication, distribution, etc. |
ယၼ်ႇၵုင်ႇ |
| Name of publisher, distributor, etc. |
မွၵ်ႇၵူႇသွႆႈလႅင် |
| Date of publication, distribution, etc. |
2013 |
| 300 ## - PHYSICAL DESCRIPTION |
| Extent |
64 ၼႃႈ |
| Dimensions |
21 ၸိၼ်ႇထီႇ |
| 500 ## - GENERAL NOTE |
| General note |
ပပ်ႉၸဝ်ႈတႃႇၼႁင်းၶေႃၵေႃႈပႃးပပ်ႉၼိုင်ႈ (2432)၊ တွၵ်ႉတိူဝ်ႇၸၢႆးဢွင်ႇထုၼ်း |
|
| General note |
S-SAT: Dr. Prof Sai Aung Tun |
| 650 ## - SUBJECT ADDED ENTRY--TOPICAL TERM |
| Topical term or geographic name entry element |
ပိုၼ်းဝဵင်းသီႇပေႃႉ (ဢုင်းပွင်ႇ) |
| 942 ## - ADDED ENTRY ELEMENTS (KOHA) |
| Koha item type |
Books (Long term) |
| 650 ## - SUBJECT ADDED ENTRY--TOPICAL TERM |
| 9 (RLIN) |
24194 |
|
| Source of classification or shelving scheme |
|
|
| Source of classification or shelving scheme |
|